The L word.

保存先:
書誌詳細
フォーマット: スライド
言語:イタリア語
英語
出版事項: [Italia] : Twentieth Century Fox Home Entertainment, 2010
タグ: タグ追加
タグなし, このレコードへの初めてのタグを付けませんか!

MARC

LEADER 00000ngm a22000007ic4500
001 IT\ICCU\UBO\3910110
003 ItRI
005 20260124182925.0
008 120120s2010 it |||||||||||||||k|||||c
040 |b ita 
041 7 |a ita  |a eng  |2 ISO-639-2 
245 0 0 |a The L word. 
260 |a [Italia] :  |b Twentieth Century Fox Home Entertainment,  |c 2010 
300 |a 1 DVD video (ca. 100 min) :  |b color 
500 |a Caratteristiche tecniche: regione 2 
500 |a Tit. del contenitore 
500 |a Contiene episodi: 7: Last couple standing, 8: Last word. 
773 0 |w IT\ICCU\UBO\3908562  |t The L word 
942 |2 ddc  |c VM  |n 0 
952 |0 0  |1 0  |4 0  |6 VO_1849_000000000000000  |7 0  |9 28129  |a BO  |b BO  |d 2026-01-24  |i 14643  |l 0  |o VO 1849  |p BO14643  |r 2026-01-24 18:29:25  |w 2026-01-24  |x [Sebina 5] [dvd 1-3]  |y VM  |z dvd 3 
952 |0 0  |1 0  |4 0  |6 VO_1930_000000000000000  |7 0  |9 28130  |a BO  |b BO  |d 2026-01-24  |i 15720  |l 0  |o VO 1930  |p BO15720  |r 2026-01-24 18:29:25  |w 2026-01-24  |x [Sebina 5] [dvd 1-3]  |y VM  |z dvd 3 
981 1 |6 z01  |a b   |b xa2e  
982 1 |6 z01  |a g 
999 |c 23843  |d 23843